Juicio y consideraciones sobre el proyecto publicado por Don Juan Suzzara para la reconstitución de la hacienda española / (Record no. 183767)

MARC details
000 -LEADER
campo de control de longitud fija 00638nam a22001691i 4500
001 - NÚMERO DE CONTROL
campo de control 183767
003 - IDENTIFICADOR DE NÚMERO DE CONTROL
campo de control ES-MaACL
005 - FECHA Y HORA DE LA ÚLTIMA TRANSACCIÓN
campo de control 20230906221951.0
008 - DATOS DE LONGITUD FIJA--INFORMACIÓN GENERAL
campo de control de longitud fija 141013s1878 sp |||| | spa d
245 00 - MENCIÓN DEL TÍTULO
Título Juicio y consideraciones sobre el proyecto publicado por Don Juan Suzzara para la reconstitución de la hacienda española /
Mención de responsabilidad, etc. [Juan Bautista Onofre Ferro... et al.].
260 ## - PUBLICACIÓN, DISTRIBUCIÓN, ETC.
Lugar de publicación, distribución, etc. Madrid :
Nombre del editor, distribuidor, etc. [s.n.],
Fecha de publicación, distribución, etc. 1878 (
Fabricante Imprenta Española)
300 ## - DESCRIPCIÓN FÍSICA
Extensión 14 p. ;
Dimensiones 22 cm.
600 14 - PUNTO DE ACCESO ADICIONAL DE MATERIA--NOMBRE DE PERSONA
Nombre de persona Suzzara, Juan.
9 (RLIN) 132962
650 #4 - PUNTO DE ACCESO ADICIONAL DE MATERIA--TÉRMINO DE MATERIA
Término de materia o nombre geográfico como elemento de entrada Deuda pública-
Subdivisión geográfica España.
9 (RLIN) 135920
700 1# - ENTRADA AGREGADA--NOMBRE PERSONAL
Nombre de persona Onofre Ferro, Juan Bautista.
9 (RLIN) 155704
852 ## - LOCALIZACIÓN
Ubicación ES-MaACL
Número de control de estantería T-310-F-1
Holdings
Estatus retirado Estado de pérdida Estado de daño No para préstamo Colección Biblioteca de origen Biblioteca actual Ubicación en estantería Fecha de adquisición Fuente de adquisición Total de préstamos Signatura topográfica completa Código de barras Visto por última vez Precio de reemplazo Tipo de ítem Koha
        Colección de folletos Biblioteca del Ateneo de Madrid Biblioteca del Ateneo de Madrid Depósito folletos 13/10/2014     T-310-F-1 1193209 23/02/2023 23/02/2023 Folleto